| 000 | 01126nam a2200265 4500 | ||
|---|---|---|---|
| 001 | 0004563 | ||
| 003 | DO-SdBNP | ||
| 005 | 20241022133904.0 | ||
| 007 | 0004563 | ||
| 008 | 160331b1999 dr || 00| 0 spa d | ||
| 040 |
_aBPMDU _bspa _cBPMSU |
||
| 082 | 4 |
_a513.26071 _222 |
|
| 100 | 1 | _4Luciano López, Margarita | |
| 245 | 1 | 0 |
_aCómo enseñar las fracciones en el nivel básico / _cMargarita Luciano López |
| 250 | _a2a. ed. | ||
| 260 |
_aSanto Domingo : _bPunto Gráfico, _c1999 |
||
| 300 |
_a90 p. : _bil. ; _c22 cm. |
||
| 490 | 0 | _aOrientaciones matemáticas | |
| 505 | 0 | _aLas fracciones 9|Fracciones equivalentes a la unidad, equivalentes entre sí, impropias y numerales mixtos 29|Comparación de fracciones entre sí y de fracciones con la unidad 37|Operaciones con fracciones 47|Aprendizaje de las fracciones a través del juego 57|Fracciones decimales y conexiones matemáticas 63|Utilidad de las fracciones 79|Bibliografía 85 | |
| 590 | _aInventariado, 2024/VM | ||
| 650 | 4 |
_a Fracciones _xEnseñanza _3 |
|
| 650 | 4 | _a Métodos de enseñanza | |
| 910 | _aVMateo V. Control de calidad. BPMSU | ||
| 942 |
_2ddc _cBK |
||
| 999 |
_c9488 _d9488 |
||